Γενίκευση του προτύπου Weber για τον προσδιορισμό του οικονομικού και πληθυσμιακού κέντρου βάρους μιας περιοχής. Εφαρμογές στην περίπτωση της Ηπειρωτικής Ελλάδας και των περιφερειών της : μεταπτυχιακή εργασία

Αποθηκεύτηκε σε:
Λεπτομέρειες βιβλιογραφικής εγγραφής
Κύριος συγγραφέας: Κιτρίνου, Ελένη
Συγγραφή απο Οργανισμό/Αρχή: Πανεπιστήμιο Αιγαίου Σχολή Επιστημών της Διοίκησης Τμήμα Ναυτιλίας και Επιχειρηματικών Υπηρεσιών Πρόγραμμα Μεταπτυχιακών Σπουδών "Ναυτιλία, Μεταφορές και Διεθνές Εμπόριο - ΝΑ.Μ.Ε."
Άλλοι συγγραφείς: Καρκαζής, Γιάννης (Εισηγητής διατριβής)
Μορφή: Thesis Βιβλίο
Γλώσσα:Greek
Δημοσίευση: 2001
Θέματα:
Ετικέτες: Προσθήκη ετικέτας
Δεν υπάρχουν, Καταχωρήστε ετικέτα πρώτοι!

MARC

LEADER 00000cam a2200000 i 4500
001 1/25389
008 020626s2001 gre d
035 |l 10068055 
040 |a GR-MY-UA  |b gre  |e aacr 
041 0 |a gre 
082 0 |a 338.9 
100 1 |a Κιτρίνου, Ελένη. 
245 1 0 |a Γενίκευση του προτύπου Weber για τον προσδιορισμό του οικονομικού και πληθυσμιακού κέντρου βάρους μιας περιοχής. Εφαρμογές στην περίπτωση της Ηπειρωτικής Ελλάδας και των περιφερειών της :  |b μεταπτυχιακή εργασία /  |c Ελένη Κιτρίνου ; επιβλέπων: Ιωάννης Καρκαζής 
260 |c 2001 
300 |a 156 σ.  |b πιν.; χάρτες 
502 # # |a Διατριβή (μεταπτυχιακή) – Πανεπιστήμιο Αιγαίου, Χίος, 2001. 
504 |a Περιλαμβάνει βιβλιογραφία 
610 2 0 |a Πανεπιστήμιο Αιγαίου. 
650 0 0 |a Regional economics. 
650 0 0 |a Industrial location  |x Environmental aspects. 
650 0 0 |a Operations research. 
700 1 |a Καρκαζής, Γιάννης.  |4 ths 
710 1 |a Πανεπιστήμιο Αιγαίου  |b Σχολή Επιστημών της Διοίκησης  |b Τμήμα Ναυτιλίας και Επιχειρηματικών Υπηρεσιών  |b Πρόγραμμα Μεταπτυχιακών Σπουδών "Ναυτιλία, Μεταφορές και Διεθνές Εμπόριο - ΝΑ.Μ.Ε.". 
852 |a INST  |b CHIOS  |c DIATR  |e 20020626  |h 338.9 ΚΙΤ  |p 005200019706  |q 005200019706  |t MTXE  |y 23 
901 |a BIBL2-2002-2 
909 |a Χ  |b 100016 
924 |a ΚΙΤΡΙΝΟΥ  |b ΕΛΕΝΗ  |y ΧΙΟΣ  |z 2002-06 
970 |a ΣΑΛΑΜΟΥΡΑ  |b ΜΑΡΙΑ  |z 2002/06/26